000 00568nam a22001817a 4500
003 CEME
005 20210628202806.0
008 210120b xxu||||| |||| 00| 0 eng d
020 _a0-07-137882-0
040 _cceme
082 _a621.381 HAR
100 _aHarper, Charles A
_961653
245 _aElectronic assembly fabrication , chips, circuit boards, packages and components
260 _aNEW YORK
_bMCGRAW HILL
_c2002
300 _aXV,662 P
650 _aELECTRONIC ASSEMBLY FABRICATION.CHIPS, CIRCUIT BOARDS, PACKAGES AND COMPONENTS
_961654
942 _cBK
_2ddc
999 _c571035
_d571035